000 00513nam a2200169 i 4500
001 bg
100 1 _aBAJKOWSKI, Józef
245 0 _aRezonanse wewmętrzne w nieliniowych układach drgających /
_cJ. Bajkowski. Cz.1.
260 _aWarszawa,
_c1984.
490 1 _aPrace Instytutu Podstawowych Problemów Techniki PAN ;
_v15
830 _aPrace Instytutu Podstawowych Problemów Techniki PAN ;
040 _cBPK
041 _apol
080 _a534
942 _cKS
008 s pl f |000 0 pol
999 _c22948
_d22948
856 _uhttp://koha.tu.koszalin.pl/cgi-bin/koha/opac-detail.pl?biblionumber=22948
_yKatalog online BPK